[Event "España ch-2015 sub-16"]
[Site "Salobreña ESP"]
[Date "2015.07.20"]
[Round "2.8"]
[White "Navarro Cabrera, Carlos"]
[Black "Escudero Manzano, Sergio"]
[Result "1/2-1/2"]
[WhiteElo "1926"]
[BlackElo "2153"]
[PlyCount "101"]
[EventDate "2015.07.20"]
[EventType "swiss"]
[EventRounds "9"]
[EventCountry "ESP"]
[Source "lmi"]
[SourceDate "2015.07.20"]

1. c4 Nf6 2. g3 g6 3. Bg2 Bg7 4. Nc3 O-O 5. Nf3 c5 6. O-O Nc6 7. d4 cxd4 8.
Nxd4 d6 9. Nxc6 bxc6 10. Bxc6 Rb8 11. Bg2 Qa5 12. Qc2 Bb7 13. Bxb7 Rxb7 14. Bd2
Rc8 15. b3 d5 16. Ne4 Qa6 17. Nxf6+ Bxf6 18. Rab1 dxc4 19. bxc4 Rbc7 20. Rfc1
Rxc4 21. Qb3 Rxc1+ 22. Rxc1 Rd8 23. Be3 Kg7 24. Qc4 Qb7 25. f3 a6 26. Qc6 Qb2
27. Qc2 Qa3 28. Kf2 Rd6 29. Bc5 Bd4+ 30. Bxd4+ Rxd4 31. Qc3 Qxc3 32. Rxc3 Ra4
33. a3 Kf6 34. e4 Ke6 35. Ke3 Kd6 36. Kd3 e6 37. Ke3 h6 38. Kd3 f5 39. exf5
gxf5 40. Kc2 h5 41. Kb3 Rd4 42. f4 h4 43. Rc8 hxg3 44. hxg3 Rd3+ 45. Rc3 Rd4
46. Re3 Rd5 47. Kb4 Rb5+ 48. Ka4 Rd5 49. Kb4 Kd7 50. Ka4 Kd6 51. Kb4 1/2-1/2

[Event "España ch-2015 sub-16"]
[Site "Salobreña ESP"]
[Date "2015.07.20"]
[Round "2.9"]
[White "Roldan Marques, Daniel"]
[Black "Redondo Benavente, Ana"]
[Result "1-0"]
[WhiteElo "2145"]
[BlackElo "1920"]
[PlyCount "171"]
[EventDate "2015.07.20"]
[EventType "swiss"]
[EventRounds "9"]
[EventCountry "ESP"]
[Source "lmi"]
[SourceDate "2015.07.20"]

1. d4 d5 2. Nf3 Nf6 3. e3 c5 4. b3 Nc6 5. a3 Bg4 6. Bb2 cxd4 7. exd4 e6 8. Be2
Bd6 9. Ne5 Bxe2 10. Qxe2 O-O 11. Nd2 Nd7 12. Ndf3 Ndxe5 13. Nxe5 Nxe5 14. dxe5
Be7 15. O-O Qc7 16. Rac1 Rac8 17. Kh1 a6 18. f4 g6 19. Rf3 Rfd8 20. Rg3 Bf8 21.
h4 Bg7 22. h5 b5 23. Qg4 Qc5 24. hxg6 hxg6 25. Rf3 a5 26. Qh4 a4 27. Rh3 d4 28.
Rd3 Rd7 29. Qf2 Rcd8 30. Rcd1 Bf8 31. b4 Qc4 32. c3 Qb3 33. cxd4 Qd5 34. Rh3
Qa2 35. Ra1 Qc4 36. Qh4 Bg7 37. Qf2 Bf8 38. Rc1 Qa2 39. Qc2 Qd5 40. Rg3 Qa2 41.
Rf3 Qd5 42. Rf2 Bh6 43. Qc5 Bf8 44. Qxd5 Rxd5 45. g3 Be7 46. Rc7 R8d7 47. Rxd7
Rxd7 48. Rc2 Rd5 49. Kg2 Kf8 50. Kf3 Ke8 51. Rc7 Rd7 52. Rc6 Rd5 53. Ke4 Kd7
54. Ra6 Bd8 55. g4 f5+ 56. exf6 Bxf6 57. Ra7+ Ke8 58. Rc7 Be7 59. Bc1 Bf6 60.
Be3 Be7 61. Bf2 Kd8 62. Rc2 Kd7 63. Be3 Bd6 64. Rh2 Bf8 65. Bf2 Kc6 66. Rh7 Rd7
67. Rh8 Bg7 68. Rh7 Bf6 69. Rh6 Rg7 70. g5 Be7 71. Ke5 Kd7 72. Be3 Bd8 73. d5
exd5 74. Kxd5 Be7 75. Bc5 Bd8 76. Bd4 Rg8 77. Rh7+ Kc8 78. Kc6 Rf8 79. Be5 Re8
80. Ra7 Re6+ 81. Bd6 Rxd6+ 82. Kxd6 Bb6 83. Rg7 Bd4 84. Rxg6 Bb2 85. Kc6 Kd8
86. Kxb5 1-0

[Event "España ch-2015 sub-16"]
[Site "Salobreña ESP"]
[Date "2015.07.20"]
[Round "2.10"]
[White "Morona Minguez, Miguel"]
[Black "Ortega Lopez, Mikel"]
[Result "0-1"]
[WhiteElo "1924"]
[BlackElo "2141"]
[PlyCount "64"]
[EventDate "2015.07.20"]
[EventType "swiss"]
[EventRounds "9"]
[EventCountry "ESP"]
[Source "lmi"]
[SourceDate "2015.07.20"]

1. e4 c5 2. Nf3 Nc6 3. d4 cxd4 4. Nxd4 Nf6 5. Nc3 d6 6. Bc4 e6 7. Be3 Be7 8.
O-O a6 9. Bb3 Bd7 10. f4 Qc7 11. Kh1 Na5 12. Qe2 O-O 13. f5 e5 14. Nf3 Nxb3 15.
cxb3 b5 16. Bg5 Bc6 17. Rfd1 b4 18. Bxf6 bxc3 19. Bxe7 cxb2 20. Qxb2 Qxe7 21.
Qc2 Rac8 22. Qd3 Qb7 23. Re1 f6 24. Rad1 Rfd8 25. Rd2 d5 26. exd5 Bxd5 27. Qe3
Bc6 28. Red1 Rxd2 29. Rxd2 Be4 30. Rf2 Bxf5 31. Nxe5 fxe5 32. Rxf5 Qe4 0-1

[Event "España ch-2015 sub-16"]
[Site "Salobreña ESP"]
[Date "2015.07.20"]
[Round "2.11"]
[White "Orantes Taboada, Francisco"]
[Black "Toval Lopez, Alberto"]
[Result "1-0"]
[WhiteElo "2135"]
[BlackElo "1904"]
[PlyCount "81"]
[EventDate "2015.07.20"]
[EventType "swiss"]
[EventRounds "9"]
[EventCountry "ESP"]
[Source "lmi"]
[SourceDate "2015.07.20"]

1. e4 c5 2. Nf3 Nc6 3. d4 cxd4 4. Nxd4 e6 5. Nc3 a6 6. g3 Qc7 7. Bg2 Nf6 8. O-O
Nxd4 9. Qxd4 Bc5 10. Bf4 d6 11. Qd3 h6 12. Na4 e5 13. Nxc5 dxc5 14. Be3 O-O 15.
f4 Be6 16. f5 Bd7 17. Qd2 Kh7 18. Qe2 c4 19. c3 b5 20. g4 Rad8 21. g5 hxg5 22.
Bxg5 Qb6+ 23. Kh1 Bc8 24. Rf3 Rh8 25. Rg1 Kg8 26. Rg3 Rd3 27. Bf3 Kf8 28. Qg2
Ke7 29. Bxf6+ gxf6 30. Rg7 Rf8 31. Bh5 Bd7 32. Rg3 Rd8 33. Bxf7 Rxg3 34. Qxg3
Kxf7 35. Qg7+ Ke8 36. Qh7 Qxg1+ 37. Kxg1 Bc6 38. Qh8+ Kd7 39. Qxf6 Re8 40. Qg7+
Re7 41. f6 1-0

[Event "España ch-2015 sub-16"]
[Site "Salobreña ESP"]
[Date "2015.07.20"]
[Round "2.12"]
[White "Esquivias Quintero, Luis Manuel"]
[Black "Serrano Leiva, Ana"]
[Result "1-0"]
[WhiteElo "2134"]
[BlackElo "1889"]
[PlyCount "75"]
[EventDate "2015.07.20"]
[EventType "swiss"]
[EventRounds "9"]
[EventCountry "ESP"]
[Source "lmi"]
[SourceDate "2015.07.20"]

1. e4 c5 2. Nc3 a6 3. Nf3 d6 4. d4 cxd4 5. Nxd4 Nf6 6. Be3 e5 7. Nf3 Be7 8. Bc4
Qc7 9. Bb3 Nbd7 10. O-O O-O 11. Qe2 b6 12. Rfd1 Bb7 13. Bg5 Rfd8 14. Bxf6 Nxf6
15. Nd5 Nxd5 16. Bxd5 Bxd5 17. Rxd5 Rdc8 18. c3 Qb7 19. Ne1 b5 20. Nc2 f5 21.
Ne3 fxe4 22. Qg4 Rf8 23. Qxe4 Rf4 24. Qc2 Raf8 25. Rd2 R4f6 26. Rad1 Rg6 27.
Rd5 Qc8 28. Nf1 b4 29. c4 Qc6 30. Ng3 Bh4 31. c5 Bxg3 32. hxg3 Rc8 33. Qb3 Kh8
34. Rxd6 Rxd6 35. cxd6 a5 36. d7 Rd8 37. Qf7 Qg6 38. Qe7 1-0

[Event "España ch-2015 sub-16"]
[Site "Salobreña ESP"]
[Date "2015.07.20"]
[Round "2.13"]
[White "Munoz Avila, Jose Luis"]
[Black "Perez Tores, Juan Miguel"]
[Result "1-0"]
[WhiteElo "1908"]
[BlackElo "2129"]
[PlyCount "91"]
[EventDate "2015.07.20"]
[EventType "swiss"]
[EventRounds "9"]
[EventCountry "ESP"]
[Source "lmi"]
[SourceDate "2015.07.20"]

1. d4 Nf6 2. c4 e6 3. Nf3 b6 4. a3 Ba6 5. Qc2 Bb7 6. Nc3 Be7 7. e4 d5 8. cxd5
exd5 9. e5 Ne4 10. Bd3 Nxc3 11. bxc3 Qd7 12. O-O g6 13. Re1 Qe6 14. Ng5 Bxg5
15. Bxg5 c6 16. f4 Ba6 17. f5 Bxd3 18. Qxd3 Qxf5 19. Qxf5 gxf5 20. Rf1 Rg8 21.
Rxf5 a5 22. Re1 Rg6 23. h4 Ra7 24. h5 Re6 25. Ref1 Na6 26. Bf6 c5 27. Rg5 b5
28. Rg7 h6 29. Rh7 cxd4 30. Rxh6 Kd7 31. cxd4 b4 32. Rh8 b3 33. Rd8+ Kc7 34.
Rxd5 Rb7 35. h6 b2 36. h7 b1=Q 37. h8=Q Qb2 38. Qd8+ Kc6 39. Rxa5 Nc7 40. d5+
Nxd5 41. Qxd5+ Kc7 42. Rc5+ Kb8 43. Qd8+ Ka7 44. Ra5+ Ra6 45. Rxa6+ Kxa6 46. e6
1-0

[Event "España ch-2015 sub-16"]
[Site "Salobreña ESP"]
[Date "2015.07.20"]
[Round "2.14"]
[White "Jimenez Ramallo, Francisco J"]
[Black "Centron Antuna, Daniel"]
[Result "0-1"]
[WhiteElo "1894"]
[BlackElo "2113"]
[PlyCount "53"]
[EventDate "2015.07.20"]
[EventType "swiss"]
[EventRounds "9"]
[EventCountry "ESP"]
[Source "lmi"]
[SourceDate "2015.07.20"]

1. c4 d6 2. Nc3 Nf6 3. g3 g6 4. Bg2 Bg7 5. e3 O-O 6. Nge2 c5 7. d4 Nc6 8. h3
Bd7 9. O-O a6 10. b3 Rb8 11. a4 e5 12. d5 Ne7 13. a5 b5 14. axb6 Rxb6 15. e4
Qc8 16. Na4 Bxa4 17. bxa4 Nd7 18. Qc2 Qb7 19. a5 Rb3 20. Ba3 Rb8 21. Nc1 Rb1
22. Rxb1 Qxb1 23. Qa4 Rb7 24. Rd1 f5 25. Rd3 Bh6 26. Rb3 Qc2 27. Rxb7 0-1

[Event "España ch-2015 sub-16"]
[Site "Salobreña ESP"]
[Date "2015.07.20"]
[Round "2.15"]
[White "Bayo Milagro, Alvaro"]
[Black "Roma Barge, Gabriel"]
[Result "1-0"]
[WhiteElo "2109"]
[BlackElo "1875"]
[PlyCount "81"]
[EventDate "2015.07.20"]
[EventType "swiss"]
[EventRounds "9"]
[EventCountry "ESP"]
[Source "lmi"]
[SourceDate "2015.07.20"]

1. e4 e5 2. Bc4 Nf6 3. Nc3 Nc6 4. d3 Bb4 5. Nge2 d5 6. exd5 Nxd5 7. a3 Nxc3 8.
Nxc3 Bxc3+ 9. bxc3 Qf6 10. O-O Be6 11. Bxe6 Qxe6 12. f4 O-O 13. f5 Qd6 14. f6
g6 15. Qd2 Rfe8 16. a4 e4 17. Qh6 Qf8 18. Qh4 h5 19. dxe4 Qc5+ 20. Kh1 Qc4 21.
Bf4 Rxe4 22. Qg3 Nd8 23. Bxc7 Rg4 24. Qe5 Ne6 25. Bd6 Rd8 26. Be7 Rd2 27. Qb8+
Kh7 28. Qxb7 Qe2 29. Rg1 Ng5 30. Rae1 Qf2 31. Bf8 Rh4 32. Qc7 Re2 33. Ref1 Qe3
34. Bd6 Qe6 35. Qb8 Ne4 36. Be5 Kh6 37. Bf4+ Rxf4 38. Qxf4+ g5 39. Qf3 Qe5 40.
Re1 Nxc3 41. Rxe2 1-0

[Event "España ch-2015 sub-16"]
[Site "Salobreña ESP"]
[Date "2015.07.20"]
[Round "2.16"]
[White "Cruz Ramirez, Nauzet"]
[Black "Palenciano Escolar, Adrian"]
[Result "0-1"]
[WhiteElo "1877"]
[BlackElo "2108"]
[PlyCount "118"]
[EventDate "2015.07.20"]
[EventType "swiss"]
[EventRounds "9"]
[EventCountry "ESP"]
[Source "lmi"]
[SourceDate "2015.07.20"]

1. d4 Nf6 2. c4 g6 3. Nc3 Bg7 4. e4 d6 5. Nf3 O-O 6. h3 e5 7. d5 Na6 8. Be3 Nh5
9. g3 Qe8 10. Be2 f5 11. exf5 gxf5 12. Nh4 Nf6 13. Qd2 Bd7 14. Bh6 Qf7 15. Qg5
Nc5 16. Qxg7+ Qxg7 17. Bxg7 Kxg7 18. Ng2 a5 19. Rf1 Rae8 20. O-O-O Nfe4 21.
Nxe4 fxe4 22. g4 Rf7 23. Kd2 Ref8 24. Ke3 h5 25. gxh5 Kh7 26. Ne1 Bxh3 27. Rh1
Bd7 28. Rh2 Rg7 29. Rh4 Rgf7 30. Rh2 Rf4 31. Rg2 Bh3 32. Rg3 Bd7 33. Rg2 b6 34.
Nc2 Rg8 35. Rdg1 Rxg2 36. Rxg2 Be8 37. Na3 Rf7 38. Nb1 Rg7 39. Rh2 Bd7 40. Nc3
Bf5 41. Rh1 Kh6 42. a3 Bg4 43. Rg1 Bxe2 44. Rxg7 Kxg7 45. Nxe2 Kh6 46. Ng3 Kg5
47. Nxe4+ Kxh5 48. Nxc5 bxc5 49. Ke4 Kg5 50. Ke3 Kf5 51. Kf3 a4 52. Ke3 Kg5 53.
Ke4 Kg4 54. f3+ Kg5 55. Ke3 Kf5 56. Kd3 Kf4 57. Ke2 e4 58. fxe4 Kxe4 59. b3 Ke5
0-1

[Event "España ch-2015 sub-16"]
[Site "Salobreña ESP"]
[Date "2015.07.20"]
[Round "2.17"]
[White "Povill Claros, Xavier"]
[Black "Antunez Munoz, Ines"]
[Result "1-0"]
[WhiteElo "2107"]
[BlackElo "1873"]
[PlyCount "99"]
[EventDate "2015.07.20"]
[EventType "swiss"]
[EventRounds "9"]
[EventCountry "ESP"]
[Source "lmi"]
[SourceDate "2015.07.20"]

1. d4 d5 2. c4 dxc4 3. Nf3 Nf6 4. e3 e6 5. Bxc4 c5 6. O-O a6 7. Bb3 Nbd7 8. Nc3
Nb6 9. dxc5 Qxd1 10. Rxd1 Bxc5 11. e4 Bd7 12. e5 Ng4 13. Ne4 Be7 14. h3 Nh6 15.
Be3 Nd5 16. Bxh6 gxh6 17. Bxd5 exd5 18. Rxd5 Bc6 19. Nd6+ Bxd6 20. Rxd6 Rg8 21.
Nh4 Bd7 22. Kf1 Be6 23. b3 Ke7 24. Rad1 Rad8 25. Rxd8 Rxd8 26. Rxd8 Kxd8 27.
Ke2 Kc7 28. Kd3 Kc6 29. f4 Kc5 30. g4 Kb4 31. Nf5 h5 32. Ke4 hxg4 33. hxg4 Kc5
34. Ne3 b5 35. f5 Bd7 36. g5 a5 37. Ng4 Bc6+ 38. Kf4 Kb4 39. Nh6 Ka3 40. Nxf7
Kxa2 41. Nd8 Be8 42. f6 Kxb3 43. e6 a4 44. f7 Bxf7 45. exf7 a3 46. f8=Q a2 47.
Qf6 b4 48. Nc6 Ka3 49. Nxb4 Kxb4 50. Qb2+ 1-0

[Event "España ch-2015 sub-16"]
[Site "Salobreña ESP"]
[Date "2015.07.20"]
[Round "2.18"]
[White "Perez Ordonez, Jose Ramon"]
[Black "Portela Peleteiro, Alberto"]
[Result "0-1"]
[WhiteElo "1870"]
[BlackElo "2105"]
[PlyCount "62"]
[EventDate "2015.07.20"]
[EventType "swiss"]
[EventRounds "9"]
[EventCountry "ESP"]
[Source "lmi"]
[SourceDate "2015.07.20"]

1. b3 e5 2. Bb2 Nc6 3. e3 Nf6 4. Bb5 Bd6 5. Na3 a6 6. Bxc6 dxc6 7. Nc4 Qe7 8.
Nf3 e4 9. Nfe5 h5 10. h3 Bf5 11. Qe2 Nd5 12. a3 f6 13. Nxd6+ cxd6 14. Nc4 b5
15. Na5 Qc7 16. b4 c5 17. c3 c4 18. a4 Nb6 19. axb5 axb5 20. Rg1 O-O-O 21. Rh1
h4 22. d4 cxd3 23. Qd2 Nc4 24. Nxc4 Qxc4 25. Ra7 Kb8 26. Ra5 Kb7 27. Qc1 Ra8
28. Qa1 Qb3 29. Kf1 Rxa5 30. bxa5 d2 31. Ke2 Qc2 0-1

[Event "España ch-2015 sub-16"]
[Site "Salobreña ESP"]
[Date "2015.07.20"]
[Round "2.19"]
[White "Serra Canals, Oriol"]
[Black "Panades Catarineu, Oriol"]
[Result "1-0"]
[WhiteElo "2100"]
[BlackElo "1860"]
[PlyCount "107"]
[EventDate "2015.07.20"]
[EventType "swiss"]
[EventRounds "9"]
[EventCountry "ESP"]
[Source "lmi"]
[SourceDate "2015.07.20"]

1. d4 Nf6 2. c4 g6 3. Nc3 d5 4. cxd5 Nxd5 5. e4 Nb6 6. Nf3 Bg4 7. Be2 Bg7 8.
Be3 O-O 9. O-O Nc6 10. e5 Nb4 11. h3 Bf5 12. g4 Be6 13. Ng5 Bd5 14. b3 h6 15.
Nge4 Bxe4 16. Nxe4 N6d5 17. Bc1 e6 18. a3 Nc6 19. Bb5 Nce7 20. a4 a6 21. Bc4
Nc6 22. Ra2 Qh4 23. Kh2 Ndb4 24. Rd2 Rfd8 25. Bb2 Nd5 26. Qf3 Nce7 27. Ng3 Qg5
28. Ne4 Qf4+ 29. Qxf4 Nxf4 30. Kg3 Nfd5 31. f4 Nb6 32. h4 Kh8 33. Rh1 Nxc4 34.
bxc4 h5 35. Ba3 Bf8 36. Nf6 c6 37. Rb1 b5 38. cxb5 axb5 39. Bxe7 Bxe7 40. axb5
Bxf6 41. exf6 cxb5 42. gxh5 gxh5 43. Rxb5 Kh7 44. Rg5 Rg8 45. f5 exf5 46. Kf4
Kh6 47. Kxf5 Ra5+ 48. d5 Rd8 49. Kf4 Ra4+ 50. Kg3 Rd6 51. Rg8 Rxf6 52. d6 Rg4+
53. Rxg4 hxg4 54. d7 1-0

[Event "España ch-2015 sub-16"]
[Site "Salobreña ESP"]
[Date "2015.07.20"]
[Round "2.20"]
[White "Tevar Becerra, Alvaro"]
[Black "Alfaya Marcelo, Roberto"]
[Result "0-1"]
[WhiteElo "1857"]
[BlackElo "2097"]
[PlyCount "103"]
[EventDate "2015.07.20"]
[EventType "swiss"]
[EventRounds "9"]
[EventCountry "ESP"]
[Source "lmi"]
[SourceDate "2015.07.20"]

1. e4 c5 2. Nf3 d6 3. Bb5+ Bd7 4. Bxd7+ Qxd7 5. O-O Nf6 6. Re1 Nc6 7. c3 e6 8.
d4 cxd4 9. cxd4 d5 10. e5 Ne4 11. Nc3 Nxc3 12. bxc3 Be7 13. Qd3 Na5 14. Be3 Rc8
15. Reb1 b6 16. Bd2 Qc6 17. Kf1 Qc4 18. Ke2 O-O 19. Qxc4 Rxc4 20. Kd3 Rfc8 21.
Ng1 Ra4 22. Ne2 Nc4 23. Rb3 a6 24. f4 b5 25. Be1 Ba3 26. Kc2 Ne3+ 27. Kd3 Nxg2
28. Bf2 Be7 29. Rg1 Nh4 30. Bxh4 Bxh4 31. Rb2 Rac4 32. Rb4 Be7 33. Rxc4 Rxc4
34. f5 g6 35. Nf4 Rc6 36. fxe6 fxe6 37. Rb1 g5 38. Nh5 Kf7 39. Rf1+ Kg6 40. Nf6
Rc8 41. Nd7 Rc7 42. Nc5 Bxc5 43. dxc5 Rf7 44. Ra1 Rf3+ 45. Kc2 Rf4 46. Kd3 Kf5
47. Re1 Rc4 48. Rf1+ Kxe5 49. Rf7 Rxc5 50. Rxh7 Rc4 51. Ra7 Ra4 52. Rg7 0-1

[Event "España ch-2015 sub-16"]
[Site "Salobreña ESP"]
[Date "2015.07.20"]
[Round "2.21"]
[White "Buiza Prieto, Eihartze"]
[Black "Munoz Garcia, Jesus"]
[Result "1-0"]
[WhiteElo "2095"]
[BlackElo "1852"]
[PlyCount "65"]
[EventDate "2015.07.20"]
[EventType "swiss"]
[EventRounds "9"]
[EventCountry "ESP"]
[Source "lmi"]
[SourceDate "2015.07.20"]

1. e4 c5 2. Na3 Nc6 3. c3 d5 4. exd5 Qxd5 5. Nf3 Bg4 6. Be2 Nf6 7. O-O e6 8.
Nc2 Qd7 9. d4 cxd4 10. Nfxd4 Bxe2 11. Qxe2 Nxd4 12. Nxd4 Bc5 13. Rd1 O-O 14.
Bg5 Qe7 15. Qf3 Rfd8 16. Nb3 Bb6 17. Nd2 h6 18. Bxf6 Qxf6 19. Qxf6 gxf6 20. Nb3
Rac8 21. Kf1 Kf8 22. Ke2 Ke7 23. a4 a5 24. Rac1 Rg8 25. g3 Rg4 26. f4 h5 27. c4
h4 28. c5 Bc7 29. Rd3 hxg3 30. hxg3 Rh8 31. Kf3 f5 32. Rcd1 Rh3 33. Kg2 1-0

[Event "España ch-2015 sub-16"]
[Site "Salobreña ESP"]
[Date "2015.07.20"]
[Round "2.22"]
[White "Lacruz Algarate, Alvaro"]
[Black "Leal Romero, Antonio Jose"]
[Result "1-0"]
[WhiteElo "2072"]
[BlackElo "1848"]
[PlyCount "67"]
[EventDate "2015.07.20"]
[EventType "swiss"]
[EventRounds "9"]
[EventCountry "ESP"]
[Source "lmi"]
[SourceDate "2015.07.20"]

1. e4 e6 2. d4 d5 3. e5 c5 4. c3 Qb6 5. Nf3 Nc6 6. a3 Nh6 7. b4 cxd4 8. cxd4
Nf5 9. Bb2 Bd7 10. g4 Nfe7 11. Nc3 Ng6 12. Na4 Qd8 13. Nc5 Bxc5 14. bxc5 Nh4
15. Nxh4 Qxh4 16. Be2 O-O 17. O-O f6 18. f4 fxe5 19. fxe5 Ne7 20. Qb3 Bc6 21.
Qg3 Qxg3+ 22. hxg3 Rxf1+ 23. Kxf1 b6 24. cxb6 Rb8 25. Bc3 Rxb6 26. Bb4 Kf7 27.
Rc1 a6 28. Bc5 Rb5 29. Bxe7 Kxe7 30. Rxc6 Rb3 31. Rxa6 Rxg3 32. Kf2 Rb3 33.
Ra7+ Kf8 34. a4 1-0

[Event "España ch-2015 sub-16"]
[Site "Salobreña ESP"]
[Date "2015.07.20"]
[Round "2.23"]
[White "Rottenwohrer Suarez, Juan"]
[Black "Vidal Fernandez, Pablo"]
[Result "0-1"]
[WhiteElo "1850"]
[BlackElo "2057"]
[PlyCount "80"]
[EventDate "2015.07.20"]
[EventType "swiss"]
[EventRounds "9"]
[EventCountry "ESP"]
[Source "lmi"]
[SourceDate "2015.07.20"]

1. Nf3 d5 2. c4 e6 3. d4 c6 4. Nc3 dxc4 5. a4 Bb4 6. e3 b5 7. Bd2 a5 8. axb5
Bxc3 9. Bxc3 cxb5 10. b3 Bb7 11. bxc4 b4 12. Bb2 Nf6 13. Be2 O-O 14. O-O Nbd7
15. Nd2 Nb6 16. c5 Nbd5 17. Nc4 Bc6 18. Ne5 Qc7 19. Nxc6 Qxc6 20. Qa4 Qxa4 21.
Rxa4 Ne4 22. Bd3 Nec3 23. Raa1 Rfb8 24. g3 f5 25. Bc4 a4 26. Bxc3 Nxc3 27.
Bxe6+ Kf8 28. c6 Ke7 29. c7 Kxe6 30. cxb8=Q Rxb8 31. Kg2 Kd5 32. Rfc1 Ra8 33.
Kf3 Kc4 34. e4 Kxd4 35. exf5 a3 36. g4 b3 37. g5 b2 38. f6 bxc1=Q 39. Rxc1 a2
40. Ra1 Rb8 0-1

[Event "España ch-2015 sub-16"]
[Site "Salobreña ESP"]
[Date "2015.07.20"]
[Round "2.24"]
[White "Jimenez Ruano, Adrian"]
[Black "Lerendegui Lasa, Odei"]
[Result "1-0"]
[WhiteElo "2053"]
[BlackElo "1797"]
[PlyCount "71"]
[EventDate "2015.07.20"]
[EventType "swiss"]
[EventRounds "9"]
[EventCountry "ESP"]
[Source "lmi"]
[SourceDate "2015.07.20"]

1. d4 Nf6 2. c4 g6 3. Nc3 Bg7 4. e4 d6 5. Nf3 O-O 6. h3 e5 7. d5 Nh5 8. g3 Qe8
9. Be2 f5 10. exf5 gxf5 11. Nh4 Nf6 12. Bg5 Na6 13. Rg1 Nc5 14. Qc2 Nfe4 15.
Nxe4 fxe4 16. Be3 Nd3+ 17. Bxd3 exd3 18. Qxd3 e4 19. Qe2 Qe5 20. O-O-O b5 21.
Rd2 Re8 22. Bd4 Qg5 23. Bxg7 Qxg7 24. g4 bxc4 25. Qxc4 e3 26. fxe3 Rxe3 27. Rf1
Rxh3 28. Qc6 Bb7 29. Qxb7 Re8 30. Nf5 Qxg4 31. Qxc7 Qg5 32. Nxd6 Re7 33. Qc8+
Kg7 34. Qxh3 Rc7+ 35. Kd1 Kg8 36. Qe6+ 1-0

[Event "España ch-2015 sub-16"]
[Site "Salobreña ESP"]
[Date "2015.07.20"]
[Round "2.25"]
[White "Callejas Rojas, Francisco Miguel"]
[Black "Martin Carmona, Gaston Manuel"]
[Result "0-1"]
[WhiteElo "1839"]
[BlackElo "2049"]
[PlyCount "55"]
[EventDate "2015.07.20"]
[EventType "swiss"]
[EventRounds "9"]
[EventCountry "ESP"]
[Source "lmi"]
[SourceDate "2015.07.20"]

1. d4 d5 2. c4 c6 3. Nf3 Nf6 4. Nc3 dxc4 5. a4 Bf5 6. e3 e6 7. Bxc4 Bb4 8. O-O
O-O 9. Qe2 Nbd7 10. e4 Bg6 11. Bd3 h6 12. e5 Bxd3 13. Qxd3 Nd5 14. Nxd5 cxd5
15. Bd2 Bxd2 16. Nxd2 Rc8 17. f4 Qc7 18. f5 Qc2 19. Qe3 exf5 20. Rf2 Qxb2 21.
Raf1 Rc2 22. g4 fxg4 23. e6 Nf6 24. exf7+ Rxf7 25. Rxf6 gxf6 26. Qxh6 Qxd4+ 27.
Kh1 Qxd2 28. Ra1 0-1

[Event "España ch-2015 sub-16"]
[Site "Salobreña ESP"]
[Date "2015.07.20"]
[Round "2.26"]
[White "Aledo Yanguas, Javier"]
[Black "Lechuga Cabrero, Diego"]
[Result "0-1"]
[WhiteElo "2017"]
[BlackElo "1753"]
[PlyCount "128"]
[EventDate "2015.07.20"]
[EventType "swiss"]
[EventRounds "9"]
[EventCountry "ESP"]
[Source "lmi"]
[SourceDate "2015.07.20"]

1. e4 c5 2. c3 d5 3. exd5 Qxd5 4. d4 Nf6 5. Nf3 Bg4 6. Be2 e6 7. Bf4 Nc6 8. Na3
Qd8 9. Nc2 Nd5 10. Bg3 Be7 11. O-O O-O 12. Ne3 Bh5 13. Nxd5 Qxd5 14. c4 Qd7 15.
d5 Bxf3 16. Bxf3 Nd4 17. dxe6 Nxf3+ 18. Qxf3 fxe6 19. Rfd1 Qa4 20. Qxb7 Bf6 21.
h3 Qxc4 22. Re1 Qb4 23. Qxb4 cxb4 24. Re2 Rfd8 25. Rae1 a5 26. Rc2 Rac8 27.
Rec1 Rd1+ 28. Rxd1 Rxc2 29. b3 Rxa2 30. Rb1 a4 31. bxa4 Rxa4 32. Bd6 Bc3 33. g4
Ra6 34. Bc5 Rc6 35. Bxb4 Rb6 36. Bxc3 Rxb1+ 37. Kg2 Rb3 38. Bd4 Kf7 39. Be3 e5
40. Kg3 Ke6 41. Kg2 g6 42. h4 h5 43. Kf3 Rb4 44. gxh5 gxh5 45. Bg5 Kf5 46. Ke3
Rb3+ 47. Ke2 Ke4 48. Bd2 Rf3 49. Be3 Rh3 50. Bg5 Rh2 51. Be7 Kf5 52. Bg5 e4 53.
Ke3 Rh3+ 54. Ke2 Kg4 55. Be7 Rf3 56. Bg5 Kh3 57. Kf1 Kh2 58. Be3 Rxe3 59. fxe3
Kg3 60. Ke2 Kxh4 61. Kf2 Kg4 62. Kg2 h4 63. Kf2 h3 64. Kg1 Kf3 0-1

[Event "España ch-2015 sub-16"]
[Site "Salobreña ESP"]
[Date "2015.07.20"]
[Round "2.27"]
[White "Guniaeva, Olga"]
[Black "Perez Beltran, Jose Maria"]
[Result "1/2-1/2"]
[WhiteElo "1800"]
[BlackElo "2011"]
[PlyCount "88"]
[EventDate "2015.07.20"]
[EventType "swiss"]
[EventRounds "9"]
[EventCountry "ESP"]
[Source "lmi"]
[SourceDate "2015.07.20"]

1. d4 Nf6 2. c4 e6 3. Nc3 Bb4 4. Nf3 b6 5. Bg5 h6 6. Bh4 Bb7 7. e3 g5 8. Bg3
Ne4 9. Qc2 f5 10. a3 Bxc3+ 11. bxc3 d6 12. Nd2 Nd7 13. Nxe4 Bxe4 14. Qb3 Qe7
15. Qb2 O-O-O 16. f3 Bb7 17. Bd3 Rdf8 18. O-O h5 19. a4 h4 20. Be1 a5 21. Qe2
g4 22. fxg4 Rfg8 23. Rf4 Nf6 24. Qd2 Rxg4 25. Rxg4 Nxg4 26. d5 Nf6 27. Qf2 exd5
28. Qxf5+ Kb8 29. cxd5 Nxd5 30. e4 Nf6 31. Qg5 Rh5 32. Qg6 Qe5 33. Bd2 Bxe4 34.
Bxe4 Nxe4 35. Re1 Qc5+ 36. Be3 Qxc3 37. Bf2 Nxf2 38. Re8+ Ka7 39. Qxh5 Qd4 40.
Kf1 Ne4 41. Qe2 d5 42. Qc2 Qf6+ 43. Ke1 Nc5 44. Qe2 Qa1+ 1/2-1/2

[Event "España ch-2015 sub-16"]
[Site "Salobreña ESP"]
[Date "2015.07.20"]
[Round "2.28"]
[White "Guerrero Mendez, Jesus"]
[Black "Martinez Pla, Xavier"]
[Result "0-1"]
[WhiteElo "1768"]
[BlackElo "2005"]
[PlyCount "84"]
[EventDate "2015.07.20"]
[EventType "swiss"]
[EventRounds "9"]
[EventCountry "ESP"]
[Source "lmi"]
[SourceDate "2015.07.20"]

1. e4 c5 2. c4 Nc6 3. Nc3 e6 4. g3 Nge7 5. Bg2 Nd4 6. Nge2 Nec6 7. d3 Be7 8.
Be3 a6 9. a4 d6 10. Rb1 Bd7 11. O-O Rb8 12. f4 Bf6 13. g4 g6 14. Bf2 Bg7 15. b3
O-O 16. Nxd4 Nxd4 17. Ne2 b5 18. Nxd4 cxd4 19. axb5 axb5 20. Qe2 Bc6 21. Rfc1
Qb6 22. b4 Rfd8 23. Rc2 Ra8 24. Rbc1 bxc4 25. Rxc4 Bb5 26. R4c2 Ra3 27. Bh4 g5
28. fxg5 Bxd3 29. Qf3 Bxc2 30. Qxa3 d3+ 31. Bf2 Bd4 32. Rf1 Bxf2+ 33. Rxf2 d2
34. Bf3 d1=Q+ 35. Bxd1 Bxd1 36. Qc3 Bxg4 37. Qf6 Bh5 38. Kg2 Bg6 39. Kg3 Rc8
40. Rf3 Qxb4 41. h4 Qxe4 42. Rb3 Qe5+ 0-1

[Event "España ch-2015 sub-16"]
[Site "Salobreña ESP"]
[Date "2015.07.20"]
[Round "2.29"]
[White "Galiana Fernandez, Adrian"]
[Black "Andrade Sandoval, Jim Carlos"]
[Result "1-0"]
[WhiteElo "2004"]
[BlackElo "1697"]
[PlyCount "49"]
[EventDate "2015.07.20"]
[EventType "swiss"]
[EventRounds "9"]
[EventCountry "ESP"]
[Source "lmi"]
[SourceDate "2015.07.20"]

1. e4 c5 2. Nf3 e6 3. d4 cxd4 4. Nxd4 a6 5. Nc3 Qc7 6. Be2 b5 7. O-O Bb7 8. Re1
b4 9. Nd5 exd5 10. exd5 Ne7 11. Bf3 d6 12. Bg5 Bc8 13. c4 h6 14. Bh4 Bd7 15. c5
Qxc5 16. Rc1 Qb6 17. Nc6 Bxc6 18. dxc6 Ra7 19. Qxd6 Qc7 20. Qxc7 Rxc7 21. Bg3
Kd8 22. Rcd1+ Kc8 23. Bg4+ f5 24. Bxf5+ Rd7 25. Bxd7+ 1-0